[Event "2021 FIDE Online Olympiad"]
[Site "Chess.com"]
[Date "2021.08.29"]
[Round "7.3"]
[White "Taqwa, Hamouri"]
[Black "Saraci, Ndriqona"]
[Result "0-1"]
[WhiteElo "1116"]
[BlackElo "1225"]
[PlyCount "88"]
[EventDate "2021.08.27"]
[EventType "team"]
[EventRounds "9"]
[SourceVersionDate "2018.05.14"]
[WhiteTeam "Palestine"]
[BlackTeam "Kosovo"]
[WhiteTeamCountry "PLE"]
[BlackTeamCountry "KOS"]

1. e4 c5 2. Nc3 e6 3. Nf3 a6 4. g3 Qc7 5. Bg2 Nc6 6. d3 Be7 7. Be3 Nf6 8. h3 d6
9. Qd2 O-O 10. O-O b5 11. Nd1 h6 12. Nh2 d5 13. f4 d4 14. Bf2 e5 15. f5 Bb7 16.
h4 Rfc8 17. g4 Nh7 18. Nf3 Qd8 19. Bg3 f6 20. Bh3 c4 21. a3 b4 22. g5 fxg5 23.
f6 Bxf6 24. Be6+ Kh8 25. Bxc8 Bxc8 26. hxg5 Nxg5 27. axb4 Bh3 28. Rf2 Bg4 29.
Nh2 Bxd1 30. Rxd1 Nh3+ 31. Kg2 Nxf2 32. Bxf2 Bg5 33. Qe1 Bf4 34. Nf3 Qd7 35.
Bg3 Qg4 36. dxc4 Nxb4 37. Nh2 Qg6 38. c3 Nc2 39. Qf2 Ne3+ 40. Kh1 Nxd1 41. Qe1
Qxg3 42. Qxg3 Bxg3 43. cxd4 Bxh2 44. Kxh2 exd4 0-1

[Event "2021 FIDE Online Olympiad"]
[Site "Chess.com"]
[Date "2021.08.29"]
[Round "7.4"]
[White "Saraci, Rinesa"]
[Black "Faqeeh, Rahaf"]
[Result "1-0"]
[WhiteElo "1184"]
[BlackElo "1444"]
[PlyCount "73"]
[EventDate "2021.08.27"]
[EventType "team"]
[EventRounds "9"]
[SourceVersionDate "2018.05.14"]
[WhiteTeam "Kosovo"]
[BlackTeam "Palestine"]
[WhiteTeamCountry "KOS"]
[BlackTeamCountry "PLE"]

1. e4 e6 2. d4 d5 3. Nd2 Nf6 4. e5 Nfd7 5. Bd3 c5 6. c3 Nc6 7. Ngf3 Be7 8. O-O
O-O 9. Bb5 a6 10. Ba4 b5 11. Bc2 cxd4 12. cxd4 Qb6 13. Nb3 a5 14. Qd3 g6 15. a4
bxa4 16. Rxa4 Ba6 17. Qe3 Bxf1 18. Qh6 Rfc8 19. Ng5 Nf8 20. Nf3 Bd3 21. Bd1 Be2
22. Bxe2 Qxb3 23. Ra3 Bxa3 24. Bg5 Nd7 25. bxa3 Qxa3 26. Bf6 Qf8 27. Qh4 Nxf6
28. exf6 h6 29. g4 Nb4 30. g5 h5 31. Ne5 Rc1+ 32. Kg2 Qb8 33. Bxh5 Kf8 34.
Nxg6+ fxg6 35. Bxg6 Kg8 36. Qh7+ Kf8 37. Qf7# 1-0

[Event "2021 FIDE Online Olympiad"]
[Site "Chess.com"]
[Date "2021.08.29"]
[Round "7.5"]
[White "Mohamad, Seder"]
[Black "Dobraj, Bleron"]
[Result "1/2-1/2"]
[WhiteElo "1699"]
[BlackElo "1879"]
[PlyCount "101"]
[EventDate "2021.08.27"]
[EventType "team"]
[EventRounds "9"]
[SourceVersionDate "2018.05.14"]
[WhiteTeam "Palestine"]
[BlackTeam "Kosovo"]
[WhiteTeamCountry "PLE"]
[BlackTeamCountry "KOS"]

1. e4 c5 2. Nc3 Nc6 3. Bb5 e6 4. Bxc6 bxc6 5. f4 d5 6. d3 Nf6 7. e5 Nd7 8. Nf3
Be7 9. O-O O-O 10. b3 f6 11. exf6 Bxf6 12. Bb2 e5 13. fxe5 Nxe5 14. Nxe5 Bxe5
15. Qe2 Bd4+ 16. Kh1 Bf5 17. Na4 Qh4 18. Bxd4 Qxd4 19. Rae1 Rae8 20. Qxe8 Rxe8
21. Rxe8+ Kf7 22. Ra8 Kg6 23. Rf8 Be6 24. R8f4 Qe3 25. R4f3 Qe2 26. Nxc5 Bg4
27. Rf4 h5 28. R4f2 Qe3 29. b4 Be2 30. Nb3 h4 31. h3 Bxf1 32. Rxf1 Qe2 33. Rc1
Kg5 34. Nd4 Qe3 35. Nf3+ Kh5 36. Re1 Qf2 37. Re5+ Kh6 38. Re6+ g6 39. Rxc6 Qf1+
40. Kh2 Qf2 41. a4 Qg3+ 42. Kh1 Qf4 43. c4 Qc1+ 44. Kh2 Qf4+ 45. Kh1 Qc1+ 46.
Ng1 d4 47. Rd6 Qe3 48. Nf3 Qc1+ 49. Ng1 Qe3 50. Nf3 Qc1+ 51. Ng1 1/2-1/2

[Event "2021 FIDE Online Olympiad"]
[Site "Chess.com"]
[Date "2021.08.29"]
[Round "7.6"]
[White "Recica, Jona"]
[Black "Sawan, Eman"]
[Result "0-1"]
[WhiteElo "1000"]
[BlackElo "1000"]
[PlyCount "66"]
[EventDate "2021.08.27"]
[EventType "team"]
[EventRounds "9"]
[SourceVersionDate "2018.05.14"]
[WhiteTeam "Kosovo"]
[BlackTeam "Palestine"]
[WhiteTeamCountry "KOS"]
[BlackTeamCountry "PLE"]

1. e4 e5 2. Nf3 Nc6 3. Bc4 Bc5 4. O-O Nf6 5. Nc3 d6 6. h3 O-O 7. d3 h6 8. Be3
Bb6 9. d4 exd4 10. Bxd4 Nxd4 11. Nxd4 Re8 12. Re1 c6 13. Nf3 Be6 14. Bb3 Qd7
15. e5 dxe5 16. Nxe5 Qc7 17. Re2 Bxb3 18. cxb3 Rxe5 19. Rc1 Rxe2 20. Qxe2 Re8
21. Qd3 Qf4 22. Rf1 Nd5 23. Ne2 Qe4 24. Qxe4 Rxe4 25. Ng3 Rd4 26. Re1 Rd2 27.
Re8+ Kh7 28. Ne4 Rxb2 29. Rb8 Nf6 30. Nxf6+ gxf6 31. Rxb7 Rxa2 32. Rxf7+ Kg6
33. Rc7 Bxc7 0-1

[Event "2021 FIDE Online Olympiad"]
[Site "Chess.com"]
[Date "2021.08.29"]
[Round "7.1"]
[White "Simutowe, Musatwe"]
[Black "Jankunas, Tomas"]
[Result "1-0"]
[WhiteElo "2101"]
[BlackElo "2037"]
[PlyCount "87"]
[EventDate "2021.08.27"]
[EventType "team"]
[EventRounds "9"]
[SourceVersionDate "2018.05.14"]
[WhiteTeam "Zambia"]
[BlackTeam "ICCD"]
[WhiteTeamCountry "ZAM"]

1. e4 e5 2. Nf3 Nf6 3. Nxe5 d6 4. Nf3 Nxe4 5. d4 d5 6. Bd3 Bd6 7. O-O Bg4 8. c4
O-O 9. cxd5 f5 10. Nc3 Nd7 11. Nxe4 fxe4 12. Bxe4 Nf6 13. Bd3 Nxd5 14. Be2 c6
15. Ng5 Bf5 16. Bg4 Qf6 17. Bxf5 Qxf5 18. Qb3 h6 19. Nf3 Rae8 20. Bd2 Qh5 21.
h3 Re6 22. Rae1 Rxe1 23. Rxe1 Kh8 24. Ne5 Qf5 25. Qg3 Bxe5 26. dxe5 Nf4 27.
Bxf4 Qxf4 28. Qxf4 Rxf4 29. g3 Rd4 30. e6 Rd8 31. f4 g6 32. Kf2 Kg7 33. Kf3 Kf6
34. Re3 Re8 35. Ra3 a6 36. Rb3 b5 37. Ra3 Ra8 38. Re3 Re8 39. b4 Rxe6 40. Rxe6+
Kxe6 41. Ke4 Kd6 42. Kd4 h5 43. g4 h4 44. a3 1-0

[Event "2021 FIDE Online Olympiad"]
[Site "Chess.com"]
[Date "2021.08.29"]
[Round "7.2"]
[White "Mate, Balazs"]
[Black "Mwape, Dennis"]
[Result "0-1"]
[WhiteElo "2110"]
[BlackElo "1982"]
[PlyCount "142"]
[EventDate "2021.08.27"]
[EventType "team"]
[EventRounds "9"]
[SourceVersionDate "2018.05.14"]
[WhiteTeam "ICCD"]
[BlackTeam "Zambia"]
[BlackTeamCountry "ZAM"]

1. e4 Nf6 2. Nc3 d5 3. exd5 Nxd5 4. h3 g6 5. Nf3 Bg7 6. Bc4 c6 7. O-O O-O 8. d4
Be6 9. Nxd5 Bxd5 10. Bxd5 Qxd5 11. c3 Re8 12. Re1 Nd7 13. Qc2 c5 14. Be3 cxd4
15. Nxd4 e5 16. Nf3 b6 17. Rad1 Qc6 18. Rd2 Nf6 19. Red1 Bf8 20. Bg5 Ne4 21.
Rd7 Nc5 22. R7d5 f6 23. Be3 e4 24. Nh2 Nd3 25. Rd4 f5 26. Qb3+ Qe6 27. Qxe6+
Rxe6 28. Rd7 Nxb2 29. R1d5 Bg7 30. Bd4 Bf8 31. Rb7 Re7 32. Rxe7 Bxe7 33. Rd7
Kf8 34. Nf1 Ke8 35. Rd5 Nc4 36. Ne3 Nxe3 37. fxe3 Rd8 38. Rb5 Kd7 39. a4 Kc6
40. Rb3 Bc5 41. Kf2 a6 42. Kg3 b5 43. axb5+ axb5 44. Kf4 Bxd4 45. cxd4 Rb8 46.
Ke5 Re8+ 47. Kf6 Rb8 48. Ke6 b4 49. d5+ Kc5 50. d6 Rb6 51. Kf7 Rxd6 52. Kg7
Rd7+ 53. Kh6 Kc4 54. Rb1 b3 55. g4 fxg4 56. hxg4 Kc3 57. Kg5 Kc2 58. Re1 b2 59.
Kf4 Re7 60. Re2+ Kb3 61. Re1 Ka2 62. Re2 Ka1 63. Re1+ b1=Q 64. Rxb1+ Kxb1 65.
Kg5 Kc2 66. Kf4 Kd3 67. g5 Rf7+ 68. Ke5 Kxe3 69. Ke6 Rf5 70. Ke7 Kf3 71. Ke6 e3
0-1

[Event "2021 FIDE Online Olympiad"]
[Site "Chess.com"]
[Date "2021.08.29"]
[Round "7.3"]
[White "Mwango, Lorita"]
[Black "von Erichsen, Annegret"]
[Result "1/2-1/2"]
[WhiteElo "1874"]
[BlackElo "1998"]
[PlyCount "136"]
[EventDate "2021.08.27"]
[EventType "team"]
[EventRounds "9"]
[SourceVersionDate "2018.05.14"]
[WhiteTeam "Zambia"]
[BlackTeam "ICCD"]
[WhiteTeamCountry "ZAM"]

1. d4 Nf6 2. Nf3 b6 3. g3 Bb7 4. Bg2 e6 5. O-O Be7 6. c4 O-O 7. Nc3 Ne4 8. Qc2
Nxc3 9. bxc3 f5 10. Qb3 Nc6 11. Nd2 Na5 12. Qa4 Bxg2 13. Kxg2 c5 14. e3 Qc7 15.
Ba3 Rac8 16. Rfc1 d6 17. Rab1 Rf7 18. Nb3 Nxb3 19. axb3 a5 20. Qb5 e5 21. Rd1
Bf6 22. dxc5 dxc5 23. Rd5 Rd8 24. Rbd1 Rff8 25. Rd7 Rxd7 26. Rxd7 Qb8 27. Qc6
Qa8 28. Qd5+ Qxd5+ 29. cxd5 Rd8 30. Rxd8+ Bxd8 31. c4 Kf7 32. f3 e4 33. f4 Bf6
34. h3 h5 35. g4 g6 36. g5 Bc3 37. Kf2 Ke7 38. Ke2 Kd6 39. Kd1 Kd7 40. Kc2 Be1
41. Bb2 Bb4 42. Bc3 Ba3 43. Kb1 Kd6 44. Be5+ Kd7 45. Bc3 Bb4 46. Kb2 Kd6 47.
Kc2 Kd7 48. Bf6 Be1 49. Bc3 Bf2 50. Bd2 Kd6 51. Kb2 b5 52. Ka3 b4+ 53. Ka4 Bg1
54. Kxa5 Bf2 55. Kb6 Bg1 56. Kb7 Kd7 57. Bc1 Bf2 58. Bd2 Bg1 59. Kb6 Kd6 60.
Ka7 Bf2 61. Kb8 Kd7 62. d6 Bg1 63. Kb7 Bf2 64. Bc1 Bg1 65. Kb8 Bf2 66. Bd2 Bg1
67. Kb7 Bf2 68. Bc1 Bg1 1/2-1/2

[Event "2021 FIDE Online Olympiad"]
[Site "Chess.com"]
[Date "2021.08.29"]
[Round "7.4"]
[White "Gonchar, Svitlana"]
[Black "Simenda, Daisy"]
[Result "0-1"]
[WhiteElo "1702"]
[BlackElo "1502"]
[PlyCount "162"]
[EventDate "2021.08.27"]
[EventType "team"]
[EventRounds "9"]
[SourceVersionDate "2018.05.14"]
[WhiteTeam "ICCD"]
[BlackTeam "Zambia"]
[BlackTeamCountry "ZAM"]

1. d4 d5 2. c4 e6 3. Nc3 c6 4. Nf3 Nf6 5. Bg5 Be7 6. e3 Nbd7 7. Rc1 O-O 8. Bd3
h6 9. Bh4 Nh7 10. Bxe7 Qxe7 11. O-O f5 12. Qc2 Ng5 13. Nxg5 Qxg5 14. Ne2 Nf6
15. Nf4 Ng4 16. h3 Nf6 17. b4 Ne4 18. b5 Bd7 19. bxc6 bxc6 20. cxd5 exd5 21.
Rb1 Qf6 22. Rb7 Rfd8 23. Rfb1 Nd6 24. R7b2 a6 25. Be2 Nb5 26. Nd3 Na3 27. Qc5
Nxb1 28. Rxb1 Rdb8 29. Rb6 Qd8 30. Rxb8 Rxb8 31. Ne5 Be8 32. Nxc6 Bxc6 33. Qxc6
Rb6 34. Qc5 Kh8 35. Bf3 Qd6 36. g3 Kh7 37. Bxd5 Qxc5 38. dxc5 Rb5 39. Bc4 Rxc5
40. Bxa6 Kg6 41. a4 Kf6 42. Kg2 Ke5 43. Kf3 Rc3 44. h4 Ra3 45. Bb5 Ra2 46. Be8
Kf6 47. e4 fxe4+ 48. Kxe4 Rxf2 49. Bb5 Ra2 50. Kf4 Ra3 51. g4 g5+ 52. hxg5+
hxg5+ 53. Ke4 Rb3 54. Bd7 Rb4+ 55. Kf3 Ke5 56. a5 Rb3+ 57. Kf2 Ra3 58. a6 Rxa6
59. Bf5 Kf4 60. Ke2 Ra3 61. Kd2 Ke5 62. Ke2 Kd4 63. Kf2 Rc3 64. Ke2 Rb3 65. Kf2
Ke5 66. Ke2 Kf4 67. Kd2 Re3 68. Bc8 Re5 69. Kd3 Rc5 70. Be6 Rc6 71. Bf5 Rd6+
72. Ke2 Kg3 73. Ke3 Rb6 74. Bc8 Rb4 75. Ke2 Rxg4 76. Bxg4 Kxg4 77. Kf2 Kh3 78.
Kg1 g4 79. Kh1 g3 80. Kg1 g2 81. Kf2 Kh2 0-1

[Event "2021 FIDE Online Olympiad"]
[Site "Chess.com"]
[Date "2021.08.29"]
[Round "7.5"]
[White "Mwape, Mwewa"]
[Black "Piekielny, Pawel"]
[Result "1/2-1/2"]
[WhiteElo "1798"]
[BlackElo "1838"]
[PlyCount "131"]
[EventDate "2021.08.27"]
[EventType "team"]
[EventRounds "9"]
[SourceVersionDate "2018.05.14"]
[WhiteTeam "Zambia"]
[BlackTeam "ICCD"]
[WhiteTeamCountry "ZAM"]

1. e4 e6 2. d4 d5 3. Nd2 Be7 4. Ngf3 Nf6 5. e5 Nfd7 6. Bd3 c5 7. c3 Nc6 8. O-O
h5 9. dxc5 Ndxe5 10. Nxe5 Nxe5 11. Nb3 Nxd3 12. Qxd3 Qc7 13. Be3 Bd7 14. a4
O-O-O 15. c6 bxc6 16. Nc5 e5 17. Ra3 Bxc5 18. Bxc5 Kb8 19. c4 Be6 20. cxd5 Rxd5
21. Qe3 Rhd8 22. Raa1 f5 23. b4 f4 24. Qe2 Bg4 25. f3 Bf5 26. Rfe1 g5 27. Rac1
g4 28. b5 gxf3 29. Qxf3 e4 30. Qc3 Rd3 31. Qf6 Bd7 32. bxc6 Bxc6 33. Be7 Rc8
34. Rxe4 Qb6+ 35. Bc5 Bxe4 36. Qxf4+ Qc7 37. Bd6 Rxd6 38. Rxc7 Rd1+ 39. Kf2
Rxc7 40. Qxe4 Rd2+ 41. Kg3 Rdc2 42. Kh3 R7c5 43. Qf4+ Kb7 44. Qb4+ Kc7 45. a5
R2c4 46. Qd2 h4 47. Qe1 Kb7 48. Qe6 Rc6 49. Qd5 Ka6 50. g4 hxg3 51. hxg3 R4c5
52. Qe4 Kxa5 53. g4 Rd6 54. Kh4 Rdd5 55. Qe1+ Kb6 56. Qb1+ Kc6 57. Qa2 a5 58.
Qa4+ Kb6 59. Qa2 Rb5 60. Qf2+ Ka6 61. Qf6+ Kb7 62. Qf7+ Kb6 63. Qe6+ Kc5 64.
Qe7+ Kc4 65. Qe4+ Kc3 66. Qe3+ 1/2-1/2

[Event "2021 FIDE Online Olympiad"]
[Site "Chess.com"]
[Date "2021.08.29"]
[Round "7.6"]
[White "Yashaswi, K."]
[Black "Simwaka, Walusungu Nozyani"]
[Result "0-1"]
[WhiteElo "1101"]
[BlackElo "1329"]
[PlyCount "122"]
[EventDate "2021.08.27"]
[EventType "team"]
[EventRounds "9"]
[SourceVersionDate "2018.05.14"]
[WhiteTeam "ICCD"]
[BlackTeam "Zambia"]
[BlackTeamCountry "ZAM"]

1. e4 e5 2. Nf3 Nc6 3. Bc4 Bc5 4. O-O Nf6 5. Nc3 O-O 6. h3 d6 7. d3 Be6 8. Bxe6
fxe6 9. Na4 Nd4 10. Nxc5 Nxf3+ 11. Qxf3 dxc5 12. Be3 Qd6 13. Qe2 a5 14. a3 b6
15. b3 a4 16. Bg5 axb3 17. Bxf6 b2 18. Ra2 Rxf6 19. Rxb2 Rxa3 20. Rbb1 Qd4 21.
Kh1 Ra2 22. Qh5 Rf7 23. Qg4 Qd7 24. Rbc1 Qe7 25. Kg1 Qf6 26. Kh1 Rf8 27. Kg1 b5
28. Kh1 b4 29. Kg1 g6 30. Qd1 Kg7 31. Rb1 Rfa8 32. f3 Qg5 33. Qe2 Qg3 34. Qf2
Qxf2+ 35. Rxf2 R8a3 36. Rb3 Kf6 37. f4 exf4 38. Rxf4+ Ke5 39. Rf2 Rxb3 40. cxb3
Rxf2 41. Kxf2 Kd4 42. Ke2 Kc3 43. g4 Kxb3 44. Kd2 g5 45. e5 Ka2 46. d4 cxd4 47.
h4 gxh4 48. g5 h3 49. g6 hxg6 50. Kc2 b3+ 51. Kd2 b2 52. Ke2 b1=Q 53. Kf2 h2
54. Kg3 h1=Q 55. Kg4 d3 56. Kg3 d2 57. Kf2 d1=Q 58. Ke3 Qde1+ 59. Kf4 Qeb4+ 60.
Kg3 Q1b3+ 61. Kf2 Qd2# 0-1

[Event "2021 FIDE Online Olympiad"]
[Site "Chess.com"]
[Date "2021.08.29"]
[Round "7.1"]
[White "Oatlhotse, Providence"]
[Black "Silva, David"]
[Result "0-1"]
[WhiteElo "2182"]
[BlackElo "2321"]
[PlyCount "116"]
[EventDate "2021.08.27"]
[EventType "team"]
[EventRounds "9"]
[SourceVersionDate "2018.05.14"]
[WhiteTeam "Botswana"]
[BlackTeam "Angola"]
[WhiteTeamCountry "BOT"]
[BlackTeamCountry "ANG"]

1. d4 Nf6 2. c4 g6 3. Nc3 Bg7 4. e4 d6 5. Be2 O-O 6. Nf3 e5 7. O-O Nc6 8. d5
Ne7 9. Rb1 h6 10. b4 Nh5 11. c5 f5 12. Nd2 Nf4 13. f3 g5 14. Nc4 fxe4 15. fxe4
Neg6 16. Bg4 Bd7 17. Ne3 Ne7 18. g3 Qc8 19. Bd2 Nh3+ 20. Kg2 Rxf1 21. Kxf1 Qf8+
22. Kg2 Nf2 23. Qe2 Nxg4 24. Nxg4 Qc8 25. h3 a5 26. Nd1 axb4 27. Bxb4 Ra6 28.
a3 Be8 29. Nge3 Bg6 30. Nf2 Kh7 31. Rc1 dxc5 32. Rxc5 Ng8 33. Qc4 c6 34. dxc6
Rxc6 35. Nd5 Bf7 36. Rxc6 bxc6 37. Nb6 Qb7 38. Qc5 Nf6 39. Nc4 Nd7 40. Nd6 Nxc5
41. Nxb7 Nxb7 42. a4 Bc4 43. Ng4 h5 44. Ne3 Bd3 45. Kf3 c5 46. Bc3 Nd6 47. a5
Nxe4 48. Be1 Nd6 49. Nd1 e4+ 50. Ke3 Nc4+ 51. Kf2 Bd4+ 52. Kg2 e3 53. a6 Be4+
54. Kf1 Bf3 55. Nc3 Nd2+ 56. Bxd2 exd2 57. a7 Bxc3 58. Kf2 d1=Q 0-1

[Event "2021 FIDE Online Olympiad"]
[Site "Chess.com"]
[Date "2021.08.29"]
[Round "7.3"]
[White "Gabatshwarwe, Refilwe"]
[Black "Caxita, Esperanca"]
[Result "0-1"]
[WhiteElo "1667"]
[BlackElo "1837"]
[PlyCount "126"]
[EventDate "2021.08.27"]
[EventType "team"]
[EventRounds "9"]
[SourceVersionDate "2018.05.14"]
[WhiteTeam "Botswana"]
[BlackTeam "Angola"]
[WhiteTeamCountry "BOT"]
[BlackTeamCountry "ANG"]

1. d4 d5 2. Bf4 Nd7 3. e3 Ngf6 4. Nf3 c5 5. c3 Qb6 6. Qc1 Ne4 7. Nbd2 Ndf6 8.
Nxe4 Nxe4 9. Nd2 Bf5 10. Nxe4 Bxe4 11. f3 Bf5 12. Be2 Rc8 13. Qd2 e6 14. a4
cxd4 15. exd4 Bd6 16. a5 Bxf4 17. axb6 Bxd2+ 18. Kxd2 axb6 19. Ra7 Rb8 20. Bb5+
Kd8 21. Rc1 f6 22. Re1 h5 23. h3 h4 24. Rc1 Rf8 25. b3 Rf7 26. Bd3 Bxd3 27.
Kxd3 Rc7 28. Ra2 Kd7 29. Rg1 Rh8 30. g3 hxg3 31. Rxg3 g5 32. Rf2 Rh4 33. Rh2
Kd6 34. c4 dxc4+ 35. bxc4 b5 36. cxb5 Kd5 37. Rg4 Rch7 38. Rxh4 Rxh4 39. Ke3
Rxd4 40. Rb2 Rh4 41. Rh2 Kc5 42. Kd3 Kxb5 43. Kc3 Kc5 44. Kd3 b5 45. Ke3 b4 46.
Kf2 b3 47. Kg3 Rc4 48. Re2 e5 49. Rd2 Rc2 50. Rd8 f5 51. h4 gxh4+ 52. Kxh4 Rg2
53. Kh3 Rg1 54. Kh2 Rg7 55. Re8 Kd4 56. Rd8+ Ke3 57. Re8 e4 58. fxe4 fxe4 59.
Rb8 Kf2 60. Kh3 e3 61. Rxb3 e2 62. Rb2 Kf1 63. Kh2 e1=Q 0-1

[Event "2021 FIDE Online Olympiad"]
[Site "Chess.com"]
[Date "2021.08.29"]
[Round "7.4"]
[White "Junior, Ednasia"]
[Black "Botlhole, Kgalalelo"]
[Result "0-1"]
[WhiteElo "1768"]
[BlackElo "1794"]
[PlyCount "114"]
[EventDate "2021.08.27"]
[EventType "team"]
[EventRounds "9"]
[SourceVersionDate "2018.05.14"]
[WhiteTeam "Angola"]
[BlackTeam "Botswana"]
[WhiteTeamCountry "ANG"]
[BlackTeamCountry "BOT"]

1. c4 e6 2. Nc3 Nf6 3. g3 d5 4. cxd5 exd5 5. Bg2 c6 6. Nf3 Bd6 7. d3 O-O 8. O-O
h6 9. a3 a5 10. Rb1 Na6 11. Re1 Bc5 12. h3 Re8 13. Na4 Bd6 14. Be3 c5 15. Bd2
b5 16. Nc3 Rb8 17. e4 d4 18. Ne2 Nc7 19. b4 axb4 20. axb4 Na6 21. bxc5 Bxc5 22.
Bf4 Rb6 23. Be5 b4 24. Qc2 Be6 25. Bxd4 b3 26. Qd2 Bb4 27. Bc3 Bxc3 28. Nxc3
Nb4 29. d4 Bc4 30. Bf1 Bxf1 31. Kxf1 Nc2 32. Re2 Na3 33. Rd1 Qc8 34. Kg2 Nc4
35. Qd3 Rd8 36. e5 Nd5 37. Nxd5 Rxd5 38. Rc1 b2 39. Rxc4 Qb7 40. Rxb2 Rxb2 41.
Rc2 Rb6 42. Kh2 Rd8 43. Rc1 Rb3 44. Rc3 Rb2 45. Kg2 Rb8 46. g4 Rb4 47. Kg3 Rd8
48. Qf5 Rb3 49. Qd3 Rxc3 50. Qxc3 Qe4 51. Qc7 Ra8 52. Qc3 g6 53. Qe3 Qd5 54.
Qxh6 Ra3 55. Qf4 Kg7 56. Qf6+ Kg8 57. Qd8+ Qxd8 0-1

[Event "2021 FIDE Online Olympiad"]
[Site "Chess.com"]
[Date "2021.08.29"]
[Round "7.5"]
[White "Selogelo, Othata"]
[Black "Junior, Domingos"]
[Result "0-1"]
[WhiteElo "1707"]
[BlackElo "1874"]
[PlyCount "94"]
[EventDate "2021.08.27"]
[EventType "team"]
[EventRounds "9"]
[SourceVersionDate "2018.05.14"]
[WhiteTeam "Botswana"]
[BlackTeam "Angola"]
[WhiteTeamCountry "BOT"]
[BlackTeamCountry "ANG"]

1. e4 c6 2. Nc3 d5 3. Nf3 dxe4 4. Nxe4 Nd7 5. d4 Ngf6 6. Nxf6+ Nxf6 7. Bd3 Bg4
8. c3 e6 9. O-O Bd6 10. h3 Bh5 11. Bg5 Qc7 12. a4 h6 13. Bd2 O-O-O 14. Re1 Rde8
15. Be2 Nd5 16. c4 Nf4 17. Bxf4 Bxf4 18. Ne5 Bxe2 19. Qxe2 Bxe5 20. Qxe5 Qxe5
21. dxe5 Kc7 22. Rad1 Rd8 23. Kf1 Kb6 24. Ke2 Kc5 25. b3 Kb4 26. Rb1 Kc3 27.
Rec1+ Kd4 28. f4 Ke4 29. g3 Rd3 30. Rd1 Rhd8 31. Rxd3 Rxd3 32. Kf2 Rd2+ 33. Kg1
Kf3 34. b4 Kxg3 35. b5 cxb5 36. cxb5 Kxf4 37. Rf1+ Kg3 38. Rc1 Rd7 39. Rc3+ Kf4
40. Kf2 Kxe5 41. Ke3 b6 42. Rc4 f5 43. h4 g5 44. h5 f4+ 45. Kf3 Kf5 46. Rc6 Rd2
47. a5 g4# 0-1

[Event "2021 FIDE Online Olympiad"]
[Site "Chess.com"]
[Date "2021.08.29"]
[Round "7.6"]
[White "Paulo, Jemima"]
[Black "Banda, Natalie Katlo"]
[Result "1-0"]
[WhiteElo "1754"]
[BlackElo "1440"]
[PlyCount "131"]
[EventDate "2021.08.27"]
[EventType "team"]
[EventRounds "9"]
[SourceVersionDate "2018.05.14"]
[WhiteTeam "Angola"]
[BlackTeam "Botswana"]
[WhiteTeamCountry "ANG"]
[BlackTeamCountry "BOT"]

1. c4 e6 2. Nc3 d5 3. cxd5 exd5 4. Nf3 Nf6 5. g3 Bg4 6. Bg2 Bxf3 7. Bxf3 c6 8.
O-O Nbd7 9. d3 Be7 10. a3 O-O 11. Bf4 Nc5 12. Rc1 Ne6 13. Bd2 Re8 14. Bg2 Nf8
15. e4 dxe4 16. dxe4 Bd6 17. Qc2 Be5 18. Rcd1 Qc7 19. Ne2 Rad8 20. Be3 Qb8 21.
h3 Ng6 22. f4 Bc7 23. Nc3 Rxd1 24. Rxd1 Rd8 25. e5 Ne8 26. h4 a6 27. Be4 Rxd1+
28. Nxd1 Qc8 29. Nf2 f6 30. Bf5 Qd8 31. Qc4+ Kh8 32. Qf7 fxe5 33. Bc5 Bd6 34.
Be6 Nc7 35. Bxd6 Nxe6 36. Qxe6 exf4 37. h5 fxg3 38. Bxg3 Nf8 39. Qf7 Nd7 40.
Ne4 Qb6+ 41. Bf2 Qd8 42. Bd4 Nf6 43. Bxf6 gxf6 44. Nf2 Qg8+ 45. Qxg8+ Kxg8 46.
Kg2 Kg7 47. Ng4 f5 48. Ne3 Kf6 49. Kf3 Kg5 50. h6 a5 51. Nc4 a4 52. Nb6 Kxh6
53. Nxa4 Kg5 54. Nc5 b6 55. Nd7 b5 56. Nc5 h5 57. Ne6+ Kg6 58. Kf4 h4 59. Nd4
c5 60. Nxb5 h3 61. Kg3 Kg5 62. Kxh3 f4 63. Kg2 Kg4 64. a4 f3+ 65. Kf2 Kf4 66.
a5 1-0

[Event "2021 FIDE Online Olympiad"]
[Site "Chess.com"]
[Date "2021.08.29"]
[Round "7.1"]
[White "Blackburn, Jonathan L B"]
[Black "Khalifah, Khaled"]
[Result "1-0"]
[WhiteElo "2195"]
[BlackElo "1555"]
[PlyCount "89"]
[EventDate "2021.08.27"]
[EventType "team"]
[EventRounds "9"]
[SourceVersionDate "2018.05.14"]
[WhiteTeam "Wales"]
[BlackTeam "United Arab Emirates"]
[WhiteTeamCountry "WLS"]
[BlackTeamCountry "UAE"]

1. d4 d5 2. c4 Bf5 3. Nc3 e6 4. cxd5 exd5 5. e3 Nf6 6. Qb3 Nc6 7. a3 Rb8 8.
Nge2 Bd6 9. Bd2 Ne7 10. Ng3 Bxg3 11. hxg3 O-O 12. Be2 c6 13. f3 Qc7 14. Kf2 Nc8
15. Rac1 Qe7 16. g4 Bg6 17. g5 Nd7 18. e4 dxe4 19. fxe4 Bxe4 20. Nxe4 Qxe4 21.
Bd3 Qxd4+ 22. Be3 Qe5 23. Bxh7+ Kh8 24. Bf5+ Kg8 25. Bxd7 Nd6 26. Rh3 Ne4+ 27.
Kg1 Rbd8 28. Bg4 Nxg5 29. Bxg5 Qxg5 30. Qc2 g6 31. Bf3 Rd2 32. Qc3 f6 33. Rg3
Qxg3 34. Bd5+ Rxd5 35. Qxg3 g5 36. Qc7 Rf7 37. Qc8+ Kg7 38. Re1 Kg6 39. Re8
Rd1+ 40. Kf2 Rfd7 41. Rg8+ Kh7 42. Qe8 R1d2+ 43. Kg1 Rd1+ 44. Kh2 Rg7 45. Rh8#
1-0

[Event "2021 FIDE Online Olympiad"]
[Site "Chess.com"]
[Date "2021.08.29"]
[Round "7.2"]
[White "Abdulrahman Mohammad, Al Taher"]
[Black "Toczek, Grzegorz"]
[Result "1/2-1/2"]
[WhiteElo "1412"]
[BlackElo "2240"]
[PlyCount "88"]
[EventDate "2021.08.27"]
[EventType "team"]
[EventRounds "9"]
[SourceVersionDate "2018.05.14"]
[WhiteTeam "United Arab Emirates"]
[BlackTeam "Wales"]
[WhiteTeamCountry "UAE"]
[BlackTeamCountry "WLS"]

1. d4 f5 2. Bg5 g6 3. e3 Bg7 4. Nf3 Nf6 5. Bd3 b6 6. O-O Bb7 7. Bxf6 exf6 8.
Nbd2 O-O 9. c3 Nc6 10. a4 Qe7 11. a5 Rab8 12. axb6 axb6 13. Qb3+ Kh8 14. Rfe1
Na5 15. Qc2 d5 16. b4 Nc6 17. Nb3 Nd8 18. Rec1 Nf7 19. Ra7 Nd6 20. Rca1 Qd7 21.
h4 Rfe8 22. h5 Bh6 23. hxg6 hxg6 24. g3 Kg7 25. Kg2 Ne4 26. Ba6 Bxa6 27. R1xa6
Qd6 28. c4 dxc4 29. Qxc4 Re7 30. Ra8 Rxa8 31. Rxa8 Rf7 32. Qd3 Qxb4 33. d5 Nc5
34. Nxc5 Qxc5 35. Rd8 Qe7 36. Nd4 Kh7 37. Ne6 Qb4 38. Qa6 Qe4+ 39. Kh2 Qf3 40.
Qa8 Qxf2+ 41. Kh1 Qf1+ 42. Kh2 Qf2+ 43. Kh1 Qf1+ 44. Kh2 Qf2+ 1/2-1/2

[Event "2021 FIDE Online Olympiad"]
[Site "Chess.com"]
[Date "2021.08.29"]
[Round "7.3"]
[White "Smith, Olivia"]
[Black "Fatima, Saif Al-Ali"]
[Result "1-0"]
[WhiteElo "1957"]
[BlackElo "1313"]
[PlyCount "62"]
[EventDate "2021.08.27"]
[EventType "team"]
[EventRounds "9"]
[SourceVersionDate "2018.05.14"]
[WhiteTeam "Wales"]
[BlackTeam "United Arab Emirates"]
[WhiteTeamCountry "WLS"]
[BlackTeamCountry "UAE"]

1. Nf3 d5 2. g3 Nf6 3. Bg2 Bf5 4. d3 h6 5. O-O e6 6. Nbd2 Be7 7. Re1 Bh7 8. c4
c6 9. a3 a5 10. b3 O-O 11. Bb2 b5 12. Ne5 Qc7 13. Rc1 b4 14. a4 Nbd7 15. d4 Bd6
16. cxd5 exd5 17. Rxc6 Qb8 18. Nxd7 Nxd7 19. Bxd5 Ra7 20. Bg2 Rc8 21. Nc4 Bf8
22. Rxc8 Qxc8 23. e4 Bg6 24. Qe2 Qd8 25. f4 Bh7 26. f5 Be7 27. Rf1 Nf6 28. e5
Nd5 29. Qf3 Nc7 30. d5 Bc5+ 31. Kh1 Bf8 1-0